000 00470nam a2200133Ia 4500
008 220216s9999 xx 000 0 und d
100 _aKaziah Dato' Abdul Kadir
245 0 _aOpportunities and incentives for rubberwood industries in Malaysia
260 _bIn: Proceedings of the International Rubberwood Seminar, 21-22 May 1990, Kuala Lumpur, Malaysia, pp.153-163.
_c1990
650 _aMalaysia
650 _aRubberwood
650 _aRubberwood industry
942 _cBO
999 _c48218
_d48218